000 00483nmm a2200169Ia 4500
008 251105s9999||||xx |||||||||||||||||und||
020 _a9788433925541
041 _aspa
100 _aGonzález Rodríguez, Sergio
245 0 _aHuesos en el desierto
264 _a[Madrid, España] :
_bEditorial Anagrama,
_c2010
300 _a344 páginas
490 _aCrónicas
650 _aLatin American narrative
856 _uhttps://public.digitaliapublishing.com/a/33054
942 _cCF
999 _c81750
_d81750